[Event "AUTO-ADV-890"]
[Site "http://www.queenalice.com/game.php?id=395352"]
[Date "2008.4.29"]
[Round "1"]
[White "Jackzapo"]
[Black "bernatchess"]
[Result "1-0"]
[WhiteElo "1842"]
[BlackElo "1877"]

1. e4 e6 2. d4 d5 3. Nc3 dxe4 4. Nxe4 Bd7 5. Nf3 Bc6 6. Bd3 Nd7 7. Be3 Ngf6 8.
Nxf6+ Nxf6 9. O-O Be7 10. Ne5 Qd5 11. Nf3 O-O 12. c3 Qh5 13. Ne5 Qxd1 14. Raxd1
Be4 15. Bxe4 c6 16. Bf3 Nd5 17. Bxd5 cxd5 18. Rc1 Rac8 19. a3 f6 20. Nf3 b6 21.
Rfe1 Bd6 22. Rcd1 Rcd8 23. Bc1 1-0

[Event "AUTO-ADV-890"]
[Site "http://www.queenalice.com/game.php?id=395353"]
[Date "2008.4.29"]
[Round "1"]
[White "bernatchess"]
[Black "Wenderson"]
[Result "0-1"]
[WhiteElo "1621"]
[BlackElo "1778"]

1. e4 e5 2. Nf3 Nc6 3. c3 Nf6 4. d4 d6 5. d5 Ne7 6. Bd3 Ng6 7. Bg5 Be7 8. Nbd2
Nf4 9. Bb5+ Bd7 10. Bxd7+ Qxd7 11. g3 Nd3+ 12. Kf1 Nxb2 13. Qb3 Qh3+ 14. Ke2
Nxe4 15. Nxe4 Qg4 16. Ke3 Bxg5+ 17. Nexg5 Nc4+ 18. Kd3 Nb6 0-1

[Event "AUTO-ADV-890"]
[Site "http://www.queenalice.com/game.php?id=395354"]
[Date "2008.4.29"]
[Round "1"]
[White "Wenderson"]
[Black "bernatchess"]
[Result "1-0"]
[WhiteElo "1767"]
[BlackElo "1632"]

1. e4 e5 2. Nf3 Nc6 3. Bc4 Nd4 4. Nxe5 Qg5 5. Bxf7+ Ke7 6. Qh5 Qxh5 7. Bxh5 g6
8. Bd1 Bg7 9. Nf3 Kf7 10. Nxd4 Bxd4 11. c3 Bg7 12. d4 Ne7 13. Bf4 d6 14. e5 dxe5
15. Bxe5 Bxe5 16. dxe5 Re8 17. O-O Nf5 18. Re1 1-0

[Event "Shark -simultan 30"]
[Site "http://www.queenalice.com/game.php?id=395918"]
[Date "2008.4.30"]
[Round "-"]
[White "Gambitshark"]
[Black "bernatchess"]
[Result "1-0"]
[WhiteElo "2548"]
[BlackElo "1821"]

1. e4 e6 2. d4 d5 3. e5 c5 4. c3 Nc6 5. Nf3 Qb6 6. a3 Bd7 7. b4 cxd4 8. cxd4 Rc8
9. Be3 Nh6 10. Bd3 Ng4 11. O-O Be7 12. Nbd2 Nxe3 13. fxe3 a5 14. b5 1-0

[Event "Let's Play Chess!"]
[Site "http://www.queenalice.com/game.php?id=396037"]
[Date "2008.4.30"]
[Round "-"]
[White "bernatchess"]
[Black "elche"]
[Result "0-1"]
[WhiteElo "1787"]
[BlackElo "1777"]

1. e4 c5 2. Nf3 Nc6 3. d4 cxd4 4. Nxd4 Nf6 5. Nc3 e6 6. Ndb5 d5 7. exd5 a6 8.
Nd4 Nxd5 9. Nxd5 Qxd5 10. Nxc6 Qxd1+ 11. Kxd1 bxc6 12. Bd3 Bb7 13. Be3 Be7 14.
Ke2 c5 15. f3 f5 0-1

[Event "Challenge"]
[Site "http://www.queenalice.com/game.php?id=396132"]
[Date "2008.4.30"]
[Round "-"]
[White "bernatchess"]
[Black "erodatam"]
[Result "0-1"]
[WhiteElo "1544"]
[BlackElo "1787"]

1. e4 c5 2. Nf3 Nc6 3. d4 cxd4 4. Nxd4 Nf6 5. Nc3 e5 6. Nxc6 bxc6 7. Bg5 Rb8 8.
Rb1 Bb4 9. Qd3 Qa5 10. Bd2 Bxc3 11. Bxc3 Qxa2 12. Rd1 Qe6 13. Qc4 O-O 14. Qxe6
fxe6 15. Bc4 d5 16. exd5 exd5 0-1

[Event "Let's Play Chess!"]
[Site "http://www.queenalice.com/game.php?id=396133"]
[Date "2008.4.30"]
[Round "-"]
[White "bernatchess"]
[Black "spawnwolfwolverine"]
[Result "0-1"]
[WhiteElo "1860"]
[BlackElo "1617"]

1. e4 e5 2. Nf3 d6 3. d4 Nc6 4. Bb5 Bd7 5. Nc3 Nf6 6. O-O Be7 7. d5 Nd4 8. Bxd7+
Qxd7 9. Nxd4 exd4 10. Qxd4 O-O 11. f3 b6 12. Be3 c5 13. dxc6 Qxc6 14. Rfd1 Rad8
15. Qd3 Nh5 16. Qd5 Qxd5 17. Nxd5 Bf6 18. Nxf6+ Nxf6 19. Bg5 Rd7 20. Bxf6 gxf6
21. Rd5 Kg7 0-1

[Event "Let's Play Chess!"]
[Site "http://www.queenalice.com/game.php?id=396134"]
[Date "2008.4.30"]
[Round "-"]
[White "spawnwolfwolverine"]
[Black "bernatchess"]
[Result "1-0"]
[WhiteElo "1643"]
[BlackElo "1834"]

1. e4 e6 2. d3 d5 3. Nc3 Nf6 4. Bg5 d4 5. Nb1 Nc6 6. Nf3 e5 7. Be2 Be6 8. O-O h6
9. Bxf6 Qxf6 10. c3 dxc3 11. Nxc3 O-O-O 12. b3 Bb4 13. Rc1 Bg4 14. h3 Be6 15.
Nh2 1-0

[Event "AUTO-ADV-892"]
[Site "http://www.queenalice.com/game.php?id=396206"]
[Date "2008.5.1"]
[Round "1"]
[White "Marchess"]
[Black "bernatchess"]
[Result "1-0"]
[WhiteElo "1959"]
[BlackElo "1797"]

1. e4 e6 2. d4 d5 3. exd5 Qxd5 4. c4 Qd8 5. Nf3 Nf6 6. Nc3 c5 7. Be3 cxd4 8.
Nxd4 e5 9. Nf3 Be7 10. Qxd8+ Bxd8 11. Nxe5 O-O 12. O-O-O Bc7 13. Nf3 Bg4 14. Be2
Re8 15. h3 Bh5 16. Rd2 Nc6 17. Rhd1 Rad8 18. Bg5 Rxd2 19. Rxd2 Nd7 20. Nd5 Ba5
21. Ne7+ Nxe7 22. Rxd7 1-0

[Event "AUTO-ADV-892"]
[Site "http://www.queenalice.com/game.php?id=396207"]
[Date "2008.5.1"]
[Round "1"]
[White "bernatchess"]
[Black "Marchess"]
[Result "1/2-1/2"]
[WhiteElo "1869"]
[BlackElo "2088"]

1. e4 c6 2. d4 d5 3. Nc3 dxe4 4. Nxe4 Bf5 5. Ng3 Qd7 6. Nf3 Nf6 7. Bd3 Bg4 8. h3
Bxf3 9. Qxf3 e6 10. O-O Be7 11. Bg5 h6 12. Bxf6 Bxf6 13. c3 Qc7 14. Ne4 Nd7 15.
Rfe1 O-O-O 16. Nxf6 1/2-1/2

[Event "AUTO-ADV-892"]
[Site "http://www.queenalice.com/game.php?id=396230"]
[Date "2008.5.1"]
[Round "1"]
[White "bernatchess"]
[Black "goulart"]
[Result "0-1"]
[WhiteElo "1511"]
[BlackElo "2114"]

1. e4 e5 2. Nf3 Nf6 3. Nc3 Nc6 4. Bb5 Bd6 5. O-O O-O 6. d3 Ne7 7. Bg5 Ne8 8. Bc4
h6 9. Bh4 g5 10. Bg3 Ng6 11. Nd5 c6 12. Ne3 Kg7 13. Nf5+ Kh7 0-1

[Event "AUTO-ADV-892"]
[Site "http://www.queenalice.com/game.php?id=396231"]
[Date "2008.5.1"]
[Round "1"]
[White "goulart"]
[Black "bernatchess"]
[Result "1-0"]
[WhiteElo "2115"]
[BlackElo "1509"]

1. e4 e6 2. c4 d5 3. exd5 exd5 4. cxd5 Qxd5 5. Nc3 Qd8 6. d4 c5 7. d5 Nf6 8. Bg5
h6 9. Bf4 g5 10. Bxb8 Rxb8 11. Qa4+ Bd7 12. Qxa7 Bf5 13. Bb5+ Bd7 14. Bxd7+ 1-0

[Event "AUTO-OPEN-1115"]
[Site "http://www.queenalice.com/game.php?id=396239"]
[Date "2008.5.1"]
[Round "1"]
[White "bernatchess"]
[Black "smcneil"]
[Result "0-1"]
[WhiteElo "1705"]
[BlackElo "1774"]

1. e4 e5 2. Nf3 Nc6 3. c3 Nf6 4. d4 Nxe4 5. d5 Bc5 6. dxc6 Nxf2 7. Qd5 Nxh1 8.
Qxc5 dxc6 9. Qxe5+ Be6 10. Qxg7 Rf8 11. Bh6 Qe7 12. Nbd2 Bd5+ 13. Be2 O-O-O 14.
Qd4 Rg8 15. Qd3 Rxg2 16. Qf5+ Rd7 17. Ne5 Qh4+ 18. Kd1 Be6 19. Qf4 Qxf4 20. Bxf4
Nf2+ 21. Kc2 Bf5+ 22. Bd3 Bxd3+ 0-1

[Event "AUTO-OPEN-1115"]
[Site "http://www.queenalice.com/game.php?id=396240"]
[Date "2008.5.1"]
[Round "1"]
[White "smcneil"]
[Black "bernatchess"]
[Result "1-0"]
[WhiteElo "1787"]
[BlackElo "1692"]

1. e4 e6 2. d4 d5 3. e5 c5 4. Nf3 Nc6 5. Bb5 Bd7 6. dxc5 Bxc5 7. O-O a6 8. Bxc6
Bxc6 9. c3 f6 10. b4 Bb6 11. Na3 Bc7 12. Bf4 Qb8 13. Qe2 fxe5 14. Nxe5 Ne7 15.
Nxc6 Nxc6 16. Qxe6+ Ne7 17. Rfe1 Qd8 18. Bxc7 Qxc7 19. Qxd5 Kf8 20. Nc4 Nxd5 21.
Ne3 Nxe3 22. Rxe3 Re8 23. Rf3+ 1-0

[Event "AUTO-OPEN-1115"]
[Site "http://www.queenalice.com/game.php?id=396241"]
[Date "2008.5.1"]
[Round "1"]
[White "bernatchess"]
[Black "J_Ricardo"]
[Result "1/2-1/2"]
[WhiteElo "1876"]
[BlackElo "1595"]

1. e4 e5 2. Nf3 d6 3. d4 Nd7 4. Nc3 Ngf6 5. Bg5 h6 6. Bxf6 Nxf6 7. dxe5 dxe5 8.
Qxd8+ Kxd8 9. Nxe5 Be6 10. b3 Bd6 11. f4 Bxe5 12. fxe5 Nd7 13. Nd5 c6 14. Nf4
Nxe5 15. Nxe6+ fxe6 16. Bc4 Nxc4 17. bxc4 Rf8 18. O-O-O+ Kc7 19. Kb2 1/2-1/2

[Event "AUTO-OPEN-1115"]
[Site "http://www.queenalice.com/game.php?id=396242"]
[Date "2008.5.1"]
[Round "1"]
[White "J_Ricardo"]
[Black "bernatchess"]
[Result "1-0"]
[WhiteElo "1532"]
[BlackElo "1680"]

1. e4 e6 2. Nf3 d5 3. d3 Nf6 4. e5 Nfd7 5. d4 Nc6 6. a3 b6 7. Bg5 f6 8. Bh4 g5
9. Bg3 h5 10. h3 Bg7 11. exf6 Qxf6 12. Bxc7 Nxd4 13. Nxd4 Qxd4 14. Qxd4 Bxd4 15.
Bb5 Bxb2 16. Ra2 Bf6 17. O-O O-O 18. Bc6 Ba6 19. Bxa8 Bxf1 20. Kxf1 Rxa8 21. Nd2
e5 22. Rb2 1-0

[Event "Challenge"]
[Site "http://www.queenalice.com/game.php?id=399522"]
[Date "2008.5.8"]
[Round "-"]
[White "bernatchess"]
[Black "REUSKING"]
[Result "0-1"]
[WhiteElo "1611"]
[BlackElo "1853"]

1. e4 e5 2. Nf3 Nf6 3. d4 exd4 4. e5 Ne4 5. Qxd4 d5 6. exd6 Nxd6 7. Nc3 Nc6 8.
Qf4 g6 9. Bb5 Qe7+ 10. Be3 Bd7 11. Nd5 Qd8 12. Nf6+ Ke7 13. Bxc6 bxc6 0-1

[Event "Challenge"]
[Site "http://www.queenalice.com/game.php?id=399524"]
[Date "2008.5.8"]
[Round "-"]
[White "REUSKING"]
[Black "bernatchess"]
[Result "1-0"]
[WhiteElo "1859"]
[BlackElo "1605"]

1. e4 e6 2. d4 d5 3. exd5 exd5 4. Bd3 Bd6 5. Ne2 Nc6 6. c3 Qh4 7. g3 Qh5 8. Bf4
Qf3 9. Rg1 Nf6 10. Bxd6 Ng4 11. Kd2 Nxf2 12. Qc2 1-0

[Event "Black_workout3"]
[Site "http://www.queenalice.com/game.php?id=402480"]
[Date "2008.5.14"]
[Round "-"]
[White "bernatchess"]
[Black "mbubi"]
[Result "0-1"]
[WhiteElo "1889"]
[BlackElo "1985"]

1. e4 b6 2. d4 Bb7 3. Nc3 d6 4. Nf3 g6 5. Bc4 e6 6. O-O Bg7 7. Bg5 Ne7 8. d5 e5
9. h4 h6 10. Be3 a6 11. h5 g5 12. Nd2 Nd7 13. a4 f5 0-1